Cultivos de plantación
שמור ב:
| פורמט: | ספר |
|---|---|
| שפה: | ספרדית |
| יצא לאור: |
Ciudad de México
Trillas
1990
|
| מהדורה: | 2a. ed |
| סדרה: | Manuales para Educación Agropecuaria. Area: Producción Vegetal, 22
|
| נושאים: | |
| תגים: |
הוספת תג
אין תגיות, היה/י הראשונ/ה לתייג את הרשומה!
|
MARC
| LEADER | 00000nam a2200000 a 4500 | ||
|---|---|---|---|
| 001 | UCK3852 | ||
| 003 | CL-VaPUC | ||
| 008 | 050513e19900000MX |||||||||||||||||spa|d | ||
| 020 | |a 9682439078 | ||
| 082 | 0 | 4 | |a 633 |b CUL |2 21 |
| 245 | 1 | 0 | |a Cultivos de plantación |
| 250 | |a 2a. ed | ||
| 300 | |a 122 p | ||
| 942 | |c BK | ||
| 945 | |d 20050513 00:00:00 |a cmena | ||
| 260 | |a Ciudad de México |b Trillas |c 1990 | ||
| 650 | 7 | |a CACAO |2 CL-VaPUC |9 359083 | |
| 650 | 7 | |a CAFE |2 CL-VaPUC |9 359080 | |
| 650 | 0 | |a Tabaco |9 343563 | |
| 650 | 7 | |a PLATANO |2 CL-VaPUC |9 263083 | |
| 650 | 7 | |a CAÑA DE AZUCAR |2 CL-VaPUC |9 403484 | |
| 650 | 7 | |a COCO |2 CL-VaPUC |9 404730 | |
| 650 | 7 | |a PLANTAS TROPICALES |2 CL-VaPUC |9 264443 | |
| 650 | 0 | |a Cultivo |9 264268 | |
| 650 | 0 | |a Producción agrícola |9 353481 | |
| 583 | |a last modification |c 20111003 05:38:46 |k Rodrigo Vera | ||
| 490 | 0 | |a Manuales para Educación Agropecuaria. Area: Producción Vegetal, 22 | |
| 999 | |c 312903 |d 312901 | ||
| 952 | |0 0 |1 0 |2 ddc |4 0 |6 633_000000000000000_CUL_1990 |7 0 |8 A |9 383751 |a BIBAGR |b BIBAGR |d 2019-11-22 |i 4124863 |l 3 |o 633 CUL 1990 |p 4124863 |r 2025-03-14 |s 2025-03-13 |w 2019-11-22 |y BK |k AGR | ||